000 00658nam a2200241Ia 4500
005 20250425162357.0
008 250425s9999 xx 000 0 und d
041 _aspa
043 _aec
082 _a378.155
100 _aESTRADA RUIZ, JENNY
245 0 _aHUELLAS TRASCENDENTES: BIOGRAFIAS Y SEMBLANZAS DE POLITECNICOS NOTABLES
250 _a1A ED.
260 _aEcuador
_bCDP - ESPOL
_c2008
260 _aGUAYAQUIL
300 _a223
500 _aCOLECCION ESPOL 50 AÑOS 3 VOLUMENESINV. D-71174
_10.00 FEB.12.09 PARA ICM.-- MHP.
650 _aBIOGRAFIAS
650 _aESPOL-HISTORIA
710 _aESPOL
942 _c01
010 _a67257
999 _c227987
_d227987